000 00402nam a2200133Ia 4500
008 171212s9999 xx 000 0 und d
020 _a9781906924706
100 _aFinnegan, Ruth
245 _cFinnegan, Ruth
_aOral Literature in Africa
260 _bOpen Book Publishers
_c2012
440 _aWorld Oral Literature Series
650 _aAnthropology
856 _uhttp://www.jstor.org/stable/j.ctt5vjsmr
999 _c351587
_d351587